| Tag |
First Indicator |
Second Indicator |
Subfields |
| LEADER |
00000cam a2200000 4500 |
| 001 |
in00000063767 |
| 005 |
20151008050649.0 |
| 008 |
771027s1941 nyu b 00000 eng |
| 010 |
|
|
|a 41008835
|
| 035 |
|
|
|a (OCoLC)03374873
|
| 035 |
|
|
|9 AAG2486AM
|
| 040 |
|
|
|a DLC
|c OCP
|d TXA
|d UtOrBLW
|
| 049 |
|
|
|a TXAM
|c [102175]
|
| 050 |
|
0 |
|a HD9580.U5
|b B4
|
| 082 |
0 |
|
|a 338.2
|
| 092 |
|
|
|a 338.2728
|b B368r
|
| 100 |
1 |
|
|a Beard, William,
|d 1907-1989.
|
| 245 |
1 |
0 |
|a Regulation of pipe lines as common carriers /
|c by William Beard.
|
| 264 |
|
1 |
|a New York :
|b Columbia university press,
|c 1941.
|
| 300 |
|
|
|a vi pages, 2 ., [3]-184 pages :
|b frontispiece (map) ;
|c 23 cm.
|
| 336 |
|
|
|a text
|b txt
|2 rdacontent
|
| 337 |
|
|
|a unmediated
|b n
|2 rdamedia
|
| 338 |
|
|
|a volume
|b nc
|2 rdacarrier
|
| 504 |
|
|
|a Bibliographical foot-notes.
|
| 650 |
|
0 |
|a Petroleum
|z United States
|x Transportation.
|
| 650 |
|
0 |
|a Natural gas
|x Transportation.
|
| 650 |
|
0 |
|a Carriers
|z United States.
|
| 740 |
0 |
|
|a Pipe lines as common carriers.
|
| 999 |
|
|
|a MARS
|
| 999 |
f |
f |
|s 28ac9571-32e7-30b1-abf3-8d0e3ba014d3
|i e452a8b6-6108-39d0-a7ec-9476951b7e99
|t 0
|
| 952 |
f |
f |
|p ric
|a Texas A&M University
|b Rellis Campus
|c Joint Library Facility
|d Remote Storage
|t 0
|e HD9580.U5 B4
|h Library of Congress classification
|i unmediated -- volume
|m A14800762586
|
| 998 |
f |
f |
|a HD9580.U5 B4
|t 0
|l Remote Storage
|